000 00980nas a2200325 4500
001 BR2011000725
003 BR-BrBNA
005 20231205114435.0
007 ta
008 230509b bl.|||p| |||| 00| 00por d
040 _aBR-BrBNA
_bpor
_cBiblioteca Nacional de Agricultura
041 _a(Pt)
072 _aF02
100 1 _aSalibe, A.B.
100 1 _aBraga, G.C.
100 1 _aPio, R.
100 1 _aTsutsumi, C.Y.
100 1 _aJandrey, P.E.
100 1 _aRossol, C.D.
100 1 _aFrez, J.R. da S.
100 1 _aSilva, T.P. da
245 1 _aEnraizamento de estacas do porta-enxerto de videira "VR 043-43" submetidas a extratificação, ácido indolbutírico e ácido bórico
650 _aUVA
650 _aPORTA ENXERTO
650 _aPROPAGAÇÃO VEGETATIVA
650 _aESTACA
773 0 _tBragantia (Brazil)
_xISSN 0006-8705
_g(Jul-Sep 2010), v. 69(3) p. 617-622
_wBR2011000725
909 _a202311
_bLúcia
_c55
_dLúcia Elande
942 _2AGRIS
_n0
_cANA
999 _c208793
_d208793